000 03244nam a2200325 a 4500
003 OSt
005 20240905113544.0
007 cr ||||||a|c|a
008 240905s2024 mx a|||fom||| 001 0 spa d
040 _erda
100 1 _aRamírez Domínguez, Pablo Enrique
_9189545
245 1 0 _aPresencia del pulgón de la lechuga Nasonovia ribisnigri (Mosley) en Quecholac, Puebla, México /
_cpor Pablo Enrique Ramírez Domínguez; director de tesis Manuel Alejandro Tejeda Reyes; secretario José Manuel Pineda Rios; vocal Manuel Orrantia Orrantia; suplente Jaime Alfredo Urzúa Gutiérrez; suplente Luis Emilio Castillo Márquez.
264 1 _aChapingo, México :
_bEl autor,
_c2024.
300 _a1 recurso en línea (36 páginas):
_bfiguras, tablas.
336 _2rdacontent
_atexto
_btxt
337 _2rdamedia
_acomputadora
_bc
338 _2rdacarrier
_arecurso en línea
_bcr
502 _bIAEPA
_cParasitología
_d2024.
_gLIC
504 _aIncluye referencias bibliográficas: páginas 33-34
520 _aEl cultivo de lechuga (Lactuca sativa L.), es una de las hortalizas más utilizada en las dietas diarias, la cual, en México tiene un consumo anual per cápita de 2.2 Kg. México ocupa el noveno lugar en el ranking de la producción mundial de lechuga, en el 2022 se alcanzó una producción de 570 mil toneladas, 11.9% mayor a lo registrado en 2021 y siendo una cifra récord en la última década. Las principales entidades que participan en la producción de esta hortaliza son Guanajuato, Zacatecas, Puebla, Aguascalientes y Baja California. Uno de los principales problemas que afecta directamente en la producción, son los insectos, donde destacan diversos grupos taxonómicos como Lepidoptera, Hemiptera y Thysanoptera, sin embargo, se tiene poca información sobre las especies de estos taxones que se encuentran presentes afectando a este cultivo. Por lo que, el objetivo de este trabajo fue identificar las especies de insectos plaga, presentes en el cultivo de lechuga en huertas comerciales en el municipio de Quecholac, Puebla. Los muestreos se realizaron desde agosto hasta diciembre de 2023 en parcelas comerciales del cultivo de lechuga en Quecholac, Puebla. Los insectos colectados se fijaron el etanol al 70% para posteriormente realizar montajes y proceder a su identificación. Del material recolectado en campo se identificó la presencia del pulgón de la lechuga Nasonovia ribisnigri (Mosley) (Hemiptera: Aphididae), Frankliniella occidentalis (Pergande) (Thysanoptera: Thripidae), Spodoptera exigua Hübner (Lepidoptera: Noctuidae), Liriomyza spp. (Diptera: Agromyzidae), y Bemisia tabaci (Hemiptera: Aleyrodidae).
650 4 _aLechuga
_xPlagas
_xIdentificación
_9189546
650 4 _aInsectos
_xIdentificación
_958929
700 1 _aTejeda Reyes, Manuel Alejandro
_9112025
_eDirector de tesis.
700 1 _aPineda Rios, José Manuel
_988174
_eSecretario.
700 1 _aOrrantia Orrantia, Manuel
_983750
_eVocal.
700 1 _aUrzúa Gutiérrez, Jaime Alfredo
_9117018
_eSuplente.
700 1 _aCastillo Márquez, Luis Emilio
_920176
_eSuplente.
856 _uhttp://10.13.5.2/tesis/tl/1611977-3_RAMIREZ_DOMINGUEZ_PABLOENRIQUE.pdf
_zDESCARGAR PDF
942 _2Clasificación Universidad Autónoma Chapingo
_cTD
999 _c220144
_d220144